[Event "NED-ch (Women)"]
[Site "Utrecht"]
[Date "2023.07.02"]
[Round "1"]
[White "Van Weersel, Arlette"]
[Black "Roebers, Eline"]
[Result "1/2-1/2"]
[WhiteElo "2173"]
[BlackElo "2419"]
[PlyCount "123"]
[EventDate "2023.07.02"]
[EventType "tourn"]
[EventRounds "6"]
[EventCountry "NED"]
[SourceTitle "CBM 215 Extra"]
[Source "ChessBase"]
[SourceDate "2023.09.30"]
[SourceVersion "1"]
[SourceVersionDate "2023.09.30"]
[SourceQuality "1"]

1. e4 c5 2. c4 Nc6 3. Nf3 e5 4. Nc3 g6 5. d3 Bg7 6. g3 Nge7 7. Bg2 d6 8. 0-0 0-0 9. Nd5 f5 10. Rb1 h6 11. exf5 gxf5 12. Nh4 Rb8 13. Qh5 Qe8 14. Qxe8 Rxe8 15. Nc7 Rf8 16. a3 Bd7 17. f4 Rbc8 18. Nb5 Rf6 19. Re1 a6 20. Nc3 Rff8 21. Nd5 Nxd5 22. Bxd5+ Kh7 23. Nf3 Rfe8 24. Bd2 b5 25. b4 cxb4 26. axb4 bxc4 27. Bxc4 Nb8 28. fxe5 dxe5 29. Rbc1 e4 30. Nh4 Bd4+ 31. Kf1 e3 32. Bc3 Bb6 33. Ke2 f4 34. gxf4 Bg4+ 35. Nf3 Rf8 36. Be5 Nc6 37. Bd5 Nxe5 38. fxe5 Rce8 39. Be4+ Kh8 40. Rc6 Re6 41. Rxe6 Bxe6 42. d4 Rc8 43. Kxe3 Rc4 44. Rg1 Bf7 45. Ra1 Rxb4 46. Rxa6 Bh5 47. e6 Kg7 48. Kf4 Kf6 49. d5 Bc7+ 50. d6 Bb8 51. e7 Ke6 52. Ke3 Bxd6 53. Nd4+ Rxd4 54. Kxd4 Kxe7 55. h3 Bf4 56. Bf5 Bf7 57. Ke4 Bd2 58. Ke5 Bc3+ 59. Kf4 Bd2+ 60. Ke5 Bc3+ 61. Ke4 Bd2 62. Ke5 1/2-1/2

[Event "NED-ch (Women)"]
[Site "Amsterdam"]
[Date "2019.07.06"]
[Round "6"]
[White "Van Foreest, Machteld"]
[Black "Van Weersel, Arlette"]
[Result "0-1"]
[WhiteElo "2058"]
[BlackElo "2176"]
[PlyCount "102"]
[EventDate "2019.07.01"]
[EventType "tourn"]
[EventRounds "7"]
[EventCountry "NED"]
[SourceTitle "CBM 191 Extra"]
[Source "ChessBase"]
[SourceDate "2019.09.30"]
[SourceVersion "1"]
[SourceVersionDate "2019.09.30"]
[SourceQuality "1"]

1. e4 d5 2. exd5 Qxd5 3. Nc3 Qd6 4. d4 Nf6 5. Nf3 c6 6. Be3 Bf5 7. Qd2 e6 8. Nh4 Bg6 9. Nxg6 hxg6 10. 0-0-0 Qc7 11. Bf4 Bd6 12. Bxd6 Qxd6 13. h4 Nbd7 14. Be2 Nb6 15. g4 0-0-0 16. h5 gxh5 17. gxh5 e5 18. d5 Nbxd5 19. Qg5 Qe7 20. Qf5+ Kb8 21. Nxd5 Nxd5 22. Bc4 f6 23. Bxd5 Rxd5 24. Rxd5 cxd5 25. f4 Kc7 26. Rd1 Rd8 27. Re1 e4 28. c3 Rd7 29. Qg6 Qd6 30. Qg4 Qc5 31. Qg3 f5 32. Rd1 d4 33. Qg1 e3 34. Qf1 Re7 35. Rxd4 e2 36. Qe1 Qc6 37. Kd2 Qf3 38. Rc4+ Kb8 39. Rd4 Qxh5 40. Rd3 Qg4 41. Rd4 g5 42. Kc2 Qg2 43. fxg5 Qxg5 44. Kb3 Re8 45. Rd7 f4 46. a4 Qf5 47. Rd4 Qf7+ 48. Ka3 f3 49. b4 f2 50. Qd2 Qc7 51. Rd7 e1Q 0-1

[Event "NED-ch (Women)"]
[Site "Amsterdam"]
[Date "2016.08.26"]
[Round "5"]
[White "Haast, Anne"]
[Black "Van Weersel, Arlette"]
[Result "0-1"]
[WhiteElo "2299"]
[BlackElo "2170"]
[PlyCount "98"]
[EventDate "2016.08.22"]
[EventType "tourn"]
[EventRounds "7"]
[EventCountry "NED"]
[SourceTitle "CBM 174 Extra"]
[Source "ChessBase"]
[SourceDate "2016.10.10"]
[SourceVersion "1"]
[SourceVersionDate "2016.10.10"]
[SourceQuality "1"]

1. e4 e5 2. Nf3 Nc6 3. Bb5 a6 4. Ba4 Nf6 5. 0-0 Be7 6. Re1 b5 7. Bb3 0-0 8. c3 d6 9. h3 Nb8 10. d4 Nbd7 11. Nbd2 Bb7 12. Bc2 Re8 13. Nf1 Bf8 14. Ng3 g6 15. Bg5 h6 16. Bd2 c5 17. d5 c4 18. b4 a5 19. a3 axb4 20. axb4 Qc7 21. Be3 Rxa1 22. Qxa1 Ra8 23. Qc1 Kh7 24. Nh2 Bc8 25. Ng4 Nxg4 26. hxg4 Nf6 27. f3 Ng8 28. g5 hxg5 29. Bxg5 f6 30. Be3 Bh6 31. Nf1 Kg7 32. g4 Bxe3+ 33. Nxe3 Ne7 34. Kg2 g5 35. Nf5+ Bxf5 36. gxf5 Qa7 37. Rh1 Qa3 38. Qd2 Rh8 39. Rxh8 Kxh8 40. Bd1 Kg7 41. Kg3 Qa1 42. Kg2 Nc8 43. Kg3 Nb6 44. Qf2 Nxd5 45. exd5 Qxd1 46. Qa7+ Kh6 47. Qf7 Qg1+ 48. Kh3 g4+ 49. fxg4 Kg5 0-1

[Event "EU-chT (Women) 19th"]
[Site "Warsaw"]
[Date "2013.11.17"]
[Round "9.16"]
[White "Van Weersel, Arlette"]
[Black "Khotenashvili, Bela"]
[Result "0-1"]
[WhiteElo "2180"]
[BlackElo "2524"]
[PlyCount "96"]
[EventDate "2013.11.08"]
[EventType "team-swiss"]
[EventRounds "9"]
[EventCountry "POL"]
[SourceTitle "EXT 2014"]
[Source "ChessBase"]
[SourceDate "2013.11.20"]
[SourceVersion "1"]
[SourceVersionDate "2013.11.20"]
[SourceQuality "1"]
[WhiteTeam "Netherlands (W)"]
[BlackTeam "Georgia (W)"]
[WhiteTeamCountry "NED"]
[BlackTeamCountry "GEO"]

1. e4 e5 2. Nf3 Nc6 3. Bc4 Nf6 4. d3 Be7 5. c3 0-0 6. Bb3 d6 7. Nbd2 Na5 8. Bc2 c5 9. Nf1 Nc6 10. Ng3 Re8 11. 0-0 h6 12. h3 Be6 13. d4 cxd4 14. cxd4 Bc4 15. Re1 Rc8 16. Be3 Bf8 17. a3 exd4 18. Nxd4 a6 19. b3 Nxd4 20. Bxd4 Be6 21. Qd3 g6 22. Rad1 Qc7 23. Bb1 Nd7 24. Qe3 Qa5 25. b4 Qa4 26. Nh5 Bb3 27. Qf4 gxh5 28. Rd3 Re6 29. Qf5 Ne5 30. Rg3+ Ng6 31. Qxh5 Qxa3 32. e5 Qxb4 33. Bxg6 Qxe1+ 34. Kh2 fxg6 35. Rxg6+ Kh7 36. Rg3 Bg7 37. Qf7 Rg8 38. exd6 Rf6 39. Qxb7 Rg6 40. Rxb3 Qe6 41. Rb6 Rd8 42. Bxg7 Rxg7 43. Qxa6 Qe5+ 44. g3 Qd4 45. d7 Qxf2+ 46. Kh1 Qe1+ 47. Kh2 Qxg3+ 48. Kh1 Qxh3# 0-1

[Event "EU-chT (Women) 19th"]
[Site "Warsaw"]
[Date "2013.11.10"]
[Round "3.10"]
[White "Van Weersel, Arlette"]
[Black "Tsolakidou, Stavroula"]
[Result "0-1"]
[WhiteElo "2180"]
[BlackElo "2117"]
[PlyCount "112"]
[EventDate "2013.11.08"]
[EventType "team-swiss"]
[EventRounds "9"]
[EventCountry "POL"]
[SourceTitle "EXT 2014"]
[Source "ChessBase"]
[SourceDate "2013.11.20"]
[SourceVersion "1"]
[SourceVersionDate "2013.11.20"]
[SourceQuality "1"]
[WhiteTeam "Netherlands (W)"]
[BlackTeam "Greece (W)"]
[WhiteTeamCountry "NED"]
[BlackTeamCountry "GRE"]

1. e4 c5 2. Nf3 d6 3. Bb5+ Nd7 4. 0-0 Ngf6 5. Re1 a6 6. Bf1 b6 7. c3 Bb7 8. d3 e6 9. Nbd2 Be7 10. d4 cxd4 11. cxd4 b5 12. b3 0-0 13. Bb2 Qb6 14. Bd3 Rfd8 15. Nf1 Nf8 16. Ng3 Ng6 17. Qd2 Nd7 18. Rac1 a5 19. a3 e5 20. Bb1 b4 21. axb4 axb4 22. Nf5 Bf8 23. h4 d5 24. exd5 Bxd5 25. Qe3 e4 26. Ng5 Nf6 27. h5 Nxh5 28. Nxe4 Nhf4 29. f3 Qe6 30. Nc5 Qf6 31. g3 Nh3+ 32. Kh2 Ng5 33. Ne4 Bxe4 34. fxe4 Ne7 35. Nh4 h6 36. Rf1 Qe6 37. Rf2 Nd5 38. Qd3 Nf6 39. d5 Ng4+ 40. Kg1 Nh3+ 41. Kg2 Nhxf2 42. Qd4 Qa6 43. Re1 Rac8 44. Nf5 f6 45. Qd2 Bc5 46. Nd4 Ba7 47. Re2 Qb6 48. Re1 Rc3 49. Nf5 g6 50. Nxh6+ Kg7 51. Nxg4 Nxg4 52. Bxc3 bxc3 53. Qf4 Qf2+ 54. Qxf2 Bxf2 55. Rc1 Bd4 56. Bd3 Rb8 0-1

[Event "Terre degli Elimi op 4th"]
[Site "Erice"]
[Date "2013.07.27"]
[Round "5"]
[White "Bartel, Marta"]
[Black "Van Weersel, Arlette"]
[Result "1-0"]
[WhiteElo "2297"]
[BlackElo "2176"]
[PlyCount "91"]
[EventDate "2013.07.24"]
[EventType "swiss"]
[EventRounds "7"]
[EventCountry "ITA"]
[SourceTitle "EXT 2015"]
[Source "ChessBase"]
[SourceDate "2014.11.20"]
[SourceVersion "1"]
[SourceVersionDate "2014.11.20"]
[SourceQuality "1"]

1. Nf3 Nf6 2. c4 g6 3. Nc3 d5 4. cxd5 Nxd5 5. Qa4+ c6 6. Qd4 Nf6 7. Qxd8+ Kxd8 8. e4 Bh6 9. d4 Bxc1 10. Rxc1 e6 11. Be2 Ke7 12. 0-0 Rd8 13. Rfd1 b6 14. e5 Ne8 15. h4 h5 16. Ne4 Bb7 17. Nfg5 Nd7 18. Rc3 c5 19. Rf3 f5 20. exf6+ Ndxf6 21. Nxf6 Nxf6 22. Re3 Bd5 23. dxc5 bxc5 24. Rxd5 Nxd5 25. Rxe6+ Kd7 26. Rxg6 Nf4 27. Rg7+ Kc6 28. Bf3+ Nd5 29. Ne6 Rd6 30. Nf4 Rf8 31. Nxd5 a5 32. Ne3+ Kb5 33. Bxh5 Rd2 34. Bf3 Rf4 35. h5 Ka6 36. Rg4 Rf8 37. Nc4 Rc2 38. b3 Rxa2 39. Rg6+ Ka7 40. h6 Rf7 41. Rg4 Rf8 42. h7 Rh8 43. Be4 a4 44. bxa4 Rxa4 45. Rg8 Rxh7 46. Ra8# 1-0

[Event "Terre degli Elimi op 4th"]
[Site "Erice"]
[Date "2013.07.26"]
[Round "4"]
[White "Van Weersel, Arlette"]
[Black "Cannella, Carlo Umberto"]
[Result "1-0"]
[WhiteElo "2176"]
[BlackElo "1972"]
[PlyCount "89"]
[EventDate "2013.07.24"]
[EventType "swiss"]
[EventRounds "7"]
[EventCountry "ITA"]
[SourceTitle "EXT 2015"]
[Source "ChessBase"]
[SourceDate "2014.11.20"]
[SourceVersion "1"]
[SourceVersionDate "2014.11.20"]
[SourceQuality "1"]

1. e4 c6 2. d4 d5 3. exd5 cxd5 4. Nf3 Nc6 5. Ne5 Nf6 6. c3 Bf5 7. Nd2 e6 8. Ndf3 Bd6 9. Bd3 Bxd3 10. Qxd3 Qc7 11. Qe2 0-0 12. 0-0 Ne4 13. Nxc6 bxc6 14. c4 Rab8 15. g3 Qa5 16. Ne1 Qa6 17. f3 Nf6 18. Nc2 c5 19. dxc5 Bxc5+ 20. Be3 Rfc8 21. b3 Be7 22. Bf2 Bc5 23. Bxc5 Rxc5 24. Qf2 Qc6 25. Ne3 a5 26. Rab1 dxc4 27. bxc4 Qc7 28. Nd5 Rxd5 29. cxd5 Nxd5 30. Rxb8+ Qxb8 31. Rc1 h5 32. Qc5 Qe5 33. Kf2 h4 34. Rc4 Qa1 35. Qc8+ Kh7 36. Rxh4+ Kg6 37. Qc2+ Kf6 38. Re4 Qh1 39. Qb2+ Ke7 40. Rh4 Nb4 41. Qd4 Nd5 42. Qd2 Qb1 43. Kg2 Qb6 44. Re4 Qb1 45. Qxd5 1-0

[Event "BCF-chT1c 1213 (4NCL) Promotion pool"]
[Site "England"]
[Date "2013.05.04"]
[Round "9.126"]
[White "Eggleston, David"]
[Black "Van Weersel, Arlette"]
[Result "1-0"]
[WhiteElo "2337"]
[BlackElo "2168"]
[PlyCount "177"]
[EventDate "2012.11.03"]
[EventType "team-tourn"]
[EventRounds "4"]
[EventCountry "ENG"]
[SourceTitle "EXT 2014"]
[Source "ChessBase"]
[SourceDate "2013.11.20"]
[SourceVersion "1"]
[SourceVersionDate "2013.11.20"]
[SourceQuality "1"]
[WhiteTeam "Cheddleton"]
[BlackTeam "Jutes of Kent"]
[WhiteTeamCountry "ENG"]
[BlackTeamCountry "ENG"]

1. e4 e5 2. Nf3 Nc6 3. Bc4 Nf6 4. d3 Be7 5. c3 0-0 6. 0-0 d6 7. Bb3 Na5 8. Bc2 c5 9. Nbd2 Qc7 10. Re1 Re8 11. Nf1 h6 12. Ne3 Bf8 13. d4 c4 14. b4 cxb3 15. axb3 Nc6 16. Nd5 Qd8 17. h3 Nb8 18. c4 Nbd7 19. Bb2 b6 20. dxe5 Nxe5 21. Nd4 Bd7 22. f4 Nxd5 23. cxd5 Ng6 24. Rf1 a5 25. Qd3 Bc8 26. Qg3 Ba6 27. Rf2 Rc8 28. Nc6 Qd7 29. Bd3 Bxd3 30. Qxd3 Rxc6 31. dxc6 Qxc6 32. f5 Ne5 33. Bxe5 Rxe5 34. Rc2 Qe8 35. Rac1 Rxe4 36. Rc8 Qe5 37. Qf3 d5 38. Rd8 Re1+ 39. Rxe1 Qxe1+ 40. Kh2 Qe7 41. Qxd5 Kh7 42. f6 Qc7+ 43. g3 Qc2+ 44. Qg2 Qxg2+ 45. Kxg2 Bc5 46. fxg7 Kxg7 47. Kf3 Bg1 48. Rd5 Kg6 49. g4 Kf6 50. h4 Bc5 51. Rf5+ Kg6 52. Ke4 Be7 53. h5+ Kg7 54. Re5 Kf6 55. Rd5 Ke6 56. Rf5 f6 57. Kd4 Kd6 58. Rf1 b5 59. Rc1 a4 60. Rc5 f5 61. Rxb5 axb3 62. gxf5 Bf6+ 63. Kd3 b2 64. Kc2 Bd4 65. Ra5 Bf6 66. Kb1 Ke7 67. Ra6 Kf7 68. Ra8 Be7 69. Kxb2 Kf6 70. Ra5 Kg5 71. Kc3 Bf6+ 72. Kd3 Kxh5 73. Ke4 Kg5 74. Ra2 Bg7 75. Rg2+ Kf6 76. Rg6+ Kf7 77. Kf4 Bc3 78. Kg4 Bd2 79. Ra6 Bg5 80. Rc6 Kg7 81. Kf3 Kf7 82. Ke4 h5 83. Ke5 Bd8 84. Rh6 Bc7+ 85. Ke4 Bd8 86. Rxh5 Bf6 87. Rh7+ Bg7 88. Kd5 Kf6 89. Rxg7 1-0

[Event "Reykjavik op"]
[Site "Reykjavik"]
[Date "2013.02.22"]
[Round "5"]
[White "Van Weersel, Arlette"]
[Black "Thorsteinsdottir, Hallgerdur"]
[Result "0-1"]
[WhiteElo "2211"]
[BlackElo "1960"]
[PlyCount "94"]
[EventDate "2013.02.19"]
[EventType "swiss"]
[EventRounds "10"]
[EventCountry "ISL"]
[SourceTitle "CBM 153 Extra"]
[Source "ChessBase"]
[SourceDate "2013.04.22"]
[SourceVersion "1"]
[SourceVersionDate "2013.04.22"]
[SourceQuality "1"]

1. e4 c6 2. d4 d5 3. exd5 cxd5 4. Nf3 Nc6 5. c3 Bg4 6. h3 Bh5 7. Bd3 e6 8. 0-0 Nf6 9. Bf4 Be7 10. Nbd2 0-0 11. Bc2 Bg6 12. Ne5 Nxe5 13. dxe5 Nd7 14. Rc1 Nc5 15. Bxg6 hxg6 16. Be3 b5 17. Nf3 Ne4 18. Nd4 Qd7 19. Qe2 b4 20. cxb4 Bxb4 21. Rcd1 Qc7 22. Bf4 Be7 23. f3 Nc5 24. Rc1 Qb7 25. Be3 a6 26. Rc2 Rfc8 27. Rfc1 Rab8 28. a3 a5 29. Qd2 a4 30. Qa5 Nd3 31. Rxc8+ Rxc8 32. Rxc8+ Qxc8 33. Qb5 Nxe5 34. Qxa4 Nc4 35. Nc6 Bf6 36. Bc1 Ne5 37. b4 Qxc6 38. Qxc6 Nxc6 39. Kf1 Kf8 40. b5 Na5 41. a4 Nc4 42. Bf4 Bd8 43. Bc1 Ke7 44. Ke2 Kd6 45. Kd3 Kc5 46. Kc3 Ba5+ 47. Kb3 Bd2 0-1

[Event "Reykjavik op"]
[Site "Reykjavik"]
[Date "2013.02.20"]
[Round "3"]
[White "Van Weersel, Arlette"]
[Black "Merkesvik, Sondre"]
[Result "1-0"]
[WhiteElo "2211"]
[BlackElo "1903"]
[PlyCount "69"]
[EventDate "2013.02.19"]
[EventType "swiss"]
[EventRounds "10"]
[EventCountry "ISL"]
[SourceTitle "CBM 153 Extra"]
[Source "ChessBase"]
[SourceDate "2013.04.22"]
[SourceVersion "1"]
[SourceVersionDate "2013.04.22"]
[SourceQuality "1"]

1. e4 Nf6 2. e5 Nd5 3. d4 d6 4. c4 Nb6 5. exd6 exd6 6. Nc3 Nc6 7. Be3 Be7 8. h3 Bf5 9. Nf3 Bf6 10. Rc1 0-0 11. b3 h6 12. Bd3 Qd7 13. 0-0 d5 14. Nxd5 Nxd5 15. cxd5 Ne7 16. Ne5 Qxd5 17. Bxf5 Nxf5 18. Rxc7 Nxe3 19. fxe3 Qa5 20. Rc5 Qxa2 21. Nd7 Be7 22. Rcf5 Bg5 23. Nxf8 Bxe3+ 24. Kh1 Rxf8 25. Qd3 Bg5 26. Qf3 Bf6 27. Qxb7 a6 28. d5 Qe2 29. d6 Qd3 30. Qd5 Qe3 31. Qf3 Qe6 32. Qd5 Qe3 33. R5f3 Qb6 34. Rg3 Kh8 35. Rxf6 1-0

[Event "Mexico City UNAM Prelim-A (Women)"]
[Site "Mexico City"]
[Date "2012.11.20"]
[Round "5"]
[White "Van Weersel, Arlette"]
[Black "Nakhbayeva, Guliskhan"]
[Result "0-1"]
[WhiteElo "2168"]
[BlackElo "2334"]
[PlyCount "74"]
[EventDate "2012.11.16"]
[EventType "tourn (rapid)"]
[EventRounds "20"]
[EventCountry "MEX"]
[SourceTitle "CBM 151 Extra"]
[Source "ChessBase"]
[SourceDate "2012.12.18"]
[SourceVersion "1"]
[SourceVersionDate "2012.12.18"]
[SourceQuality "1"]

1. e4 e6 2. d4 d5 3. Nc3 Bb4 4. e5 c5 5. a3 Ba5 6. Bd2 Nc6 7. Nf3 cxd4 8. Nb5 Bc7 9. Nxc7+ Qxc7 10. Bf4 Qb6 11. Bd3 Nge7 12. 0-0 Ng6 13. Bg3 Qxb2 14. Qe2 Qb6 15. h4 0-0 16. Ng5 h6 17. Nxf7 Kxf7 18. Qh5 Nce7 19. f4 Bd7 20. Rab1 Qc6 21. Be1 Be8 22. Bb4 Kg8 23. Qg4 Qd7 24. Rf3 Nf5 25. Bxf8 Kxf8 26. Bb5 Qf7 27. Bd3 Ngxh4 28. Rh3 Ng6 29. Qe2 Nxf4 30. Qf3 Nxh3+ 31. Qxh3 b6 32. g4 Ne3 33. c3 Qf4 34. Rb2 Kg8 35. Re2 Nxg4 36. Bc2 Bb5 37. Rg2 Qf1# 0-1

[Event "Mexico City UNAM Prelim-A (Women)"]
[Site "Mexico City"]
[Date "2012.11.17"]
[Round "2"]
[White "Van Weersel, Arlette"]
[Black "Rizzo, Marina"]
[Result "1-0"]
[WhiteElo "2168"]
[BlackElo "2054"]
[PlyCount "103"]
[EventDate "2012.11.16"]
[EventType "tourn (rapid)"]
[EventRounds "20"]
[EventCountry "MEX"]
[SourceTitle "CBM 151 Extra"]
[Source "ChessBase"]
[SourceDate "2012.12.18"]
[SourceVersion "1"]
[SourceVersionDate "2012.12.18"]
[SourceQuality "1"]

1. e4 e5 2. Nf3 Nc6 3. Bc4 Nf6 4. d3 d6 5. c3 Be7 6. Bb3 Be6 7. Nbd2 h6 8. Nf1 Qd7 9. Ng3 g6 10. d4 Bxb3 11. Qxb3 Rb8 12. h3 Kf8 13. 0-0 Kg7 14. Be3 a6 15. Rad1 Qc8 16. Nh2 h5 17. Qc2 h4 18. Ne2 b5 19. f4 b4 20. Nf3 Rh5 21. Bf2 Nd7 22. Rd2 bxc3 23. bxc3 Na5 24. dxe5 Nc4 25. Rd4 Rb2 26. Qd1 Ndb6 27. exd6 Bxd6 28. Rxc4 Nxc4 29. Qd4+ Kg8 30. Qxc4 Qb7 31. Nxh4 Ra5 32. e5 Bf8 33. e6 Raxa2 34. exf7+ Kg7 35. Qe6 Rb6 36. Bxb6 Qxb6+ 37. Qxb6 cxb6 38. Nd4 Kxf7 39. f5 g5 40. Ng6 Bc5 41. Ne5+ Kf6 42. Nd7+ Kf7 43. Nxc5 bxc5 44. Nf3 Kf6 45. Nh2 a5 46. Ng4+ Kf7 47. f6 a4 48. Ne5+ Kf8 49. f7 Re2 50. Ng6+ Kg7 51. f8Q+ Kxg6 52. Qg8+ 1-0

[Event "Olympiad Women-40"]
[Site "Istanbul"]
[Date "2012.08.31"]
[Round "4.4"]
[White "Van Weersel, Arlette"]
[Black "Gaponenko, Inna"]
[Result "1/2-1/2"]
[WhiteElo "2151"]
[BlackElo "2404"]
[PlyCount "104"]
[EventDate "2012.08.28"]
[EventType "team-swiss"]
[EventRounds "11"]
[EventCountry "TUR"]
[SourceTitle "CBM 150 Extra"]
[Source "ChessBase"]
[SourceDate "2012.10.19"]
[SourceVersion "1"]
[SourceVersionDate "2012.10.19"]
[SourceQuality "1"]
[WhiteTeam "Netherlands (W)"]
[BlackTeam "Ukraine (W)"]
[WhiteTeamCountry "NED"]
[BlackTeamCountry "UKR"]

1. e4 c5 2. c4 Nc6 3. Ne2 Nf6 4. Nbc3 e6 5. d4 d5 6. cxd5 exd5 7. Bg5 Be7 8. exd5 Nxd5 9. Bxe7 Ncxe7 10. dxc5 0-0 11. Qd4 Be6 12. Nxd5 Nxd5 13. Qd2 Re8 14. Ng3 Nf6 15. Bb5 Qxd2+ 16. Kxd2 Red8+ 17. Kc2 Rac8 18. Rad1 Rxc5+ 19. Kb1 Rdc8 20. Bd3 g6 21. Ne4 Nxe4 22. Bxe4 R8c7 23. b3 a5 24. Rc1 a4 25. Rxc5 Rxc5 26. Bxb7 axb3 27. axb3 Bxb3 28. Kb2 Rb5 29. Bc6 Rb6 30. Kc3 Rxc6+ 31. Kxb3 h5 32. Re1 Kg7 33. Kb2 g5 34. Rc1 Re6 35. Kc3 Re2 36. Rf1 f5 37. Kd3 Ra2 38. h3 Kf6 39. Kd4 g4 40. hxg4 fxg4 41. g3 Kf5 42. Ke3 Ra3+ 43. Ke2 Ra2+ 44. Ke3 Ra3+ 45. Ke2 h4 46. gxh4 Kg6 47. f3 Ra2+ 48. Ke3 gxf3 49. Rxf3 Kh5 50. Rf4 Rh2 51. Kf3 Rxh4 52. Rxh4+ Kxh4 1/2-1/2